000 00409nam a2200145Ia 4500
008 220916s9999 xx 000 0 und d
020 _a9780849387890
100 _aMcGINITY, JAMES W. AND FELTON, LINDA A.
245 0 _aAQUEOUS POLYMERIC COATING FOR PHARMACEUTICAL DOSAGE FORMS
250 _a3RD
260 _bINFORMA HEALTHCARE, NEW YORK
_c2008
300 _a488
650 _aPharmaceutics
942 _cBK
999 _c89676
_d89676